| 000 | 00929nam a2200241 a 4500 | ||
|---|---|---|---|
| 001 | 000036617 | ||
| 005 | 20200930075830.0 | ||
| 008 | 120123s1984 sp ac 000 0 spa d | ||
| 040 |
_aDO-SdBNP _bspa _cBNPHU |
||
| 082 |
_axxx _bxxx |
||
| 100 | 1 |
_aKoch, Heinrich _962906 |
|
| 240 | 1 | 0 |
_aMichelangelo _lspa |
| 245 | 1 | 0 |
_aMiguel Ángel / _cHeinrich Koch ; prólogo José Manuel Cruz Valdovinos ; traducción del alemán a cargo de Rosa Pilar Blanco Santos. |
| 260 |
_aBarcelona : _bSalvat, _c1984. |
||
| 300 |
_a191 p. : _bil., retrs. ; _c20 cm. |
||
| 490 | 1 |
_aBiblioteca Salvat de grandes biografías _v2 |
|
| 504 | _aBibliografía : p. 191 | ||
| 600 | 1 | 4 |
_aMICHELANGELO BUONARROTI, _d1475-1564 _962907 |
| 650 | 4 |
_aPintores _zItália _vBIOGRAFÍAS _962908 |
|
| 700 | 1 | 2 |
_aBlanco Santos, Rosa Pilar _etr. _960240 |
| 700 | 1 | 2 |
_aCruz Valdovinos, José Manuel _epról. _962118 |
| 830 | 0 |
_aBiblioteca Salvat de grandes biografías _n2 _962909 |
|
| 999 |
_c36108 _d36108 |
||